Gazaperas gramaticales (Registro nro. 54570)
[ vista simple ]
| 000 -ENCABEZADO | |
|---|---|
| Número de control [NR] | 00782nam a2200217Ia 4500 |
| 008 - DE LONGITUD FIJA DE DATOS DE ELEMENTOS - INFORMACIÓN GENERAL | |
| Elementos de longitud fija [NR] | 130821s2004 ck gr spa |
| 020 ## - NUMERO INTERNACIONAL NORMALIZADO PARA LIBROS [R] | |
| Número Internacional Normalizado del libro [NR] | 9587092120 |
| 040 ## - FUENTE DE CATALOGACION [NR] | |
| Agencia de catalogación original [NR] | Co-BoUCM |
| Idioma de catalogación [NR] | spa |
| 041 00 - CODIGO DE IDIOMA [R] | |
| Código de idioma para texto/pista de sonido o título separado [R] | Español |
| 245 00 - MENCION DE TITULO [NR] | |
| Título [NR] | Gazaperas gramaticales |
| Mención de responsabilidad, etc. [NR] | Alberto Ramírez Santos |
| 260 ## - PUBLICACION, DISTRIBUCION, ETC. (PIE DE IMPRENTA) [R] | |
| Lugar de publicación, distribución, etc. [R] | Bogotá (Colombia) |
| Nombre del editor, distribuidor, etc. [R] | Círculo de Lectores |
| Fecha de publicación, distribución, etc. [R] | 2004 |
| 300 ## - DESCRIPCION FISICA [R] | |
| Extensión [R] | 2volúmenes |
| 490 ## - MENCION DE SERIE [R] | |
| Mención de serie [R] | Biblioteca Argos |
| 505 ## - NOTA DE CONTENIDO CON FORMATO PREESTABLECIDO [R] | |
| Información miscelánea [R] | V.1 |
| State manifest and birth record (1764-1977). | Usos y construcciones correctas de la lengua española. -- |
| Información miscelánea [R] | V.2 |
| State manifest and birth record (1764-1977). | Vicios e incorrecciones de la lengua española - Índices. < |
| 650 04 - ASIENTO SECUNDARIO DE MATERIA - TERMINO TEMATICO [R] | |
| Término temático o nombre geográfico como elemento de entrada [NR] | Español |
| Subdivisión general [R] | Gramática comparada y general |
| 9 (RLIN) | 7588 |
| 650 04 - ASIENTO SECUNDARIO DE MATERIA - TERMINO TEMATICO [R] | |
| Término temático o nombre geográfico como elemento de entrada [NR] | Español |
| Subdivisión general [R] | Semántica |
| 9 (RLIN) | 7588 |
| 650 04 - ASIENTO SECUNDARIO DE MATERIA - TERMINO TEMATICO [R] | |
| Término temático o nombre geográfico como elemento de entrada [NR] | Gramática |
| 9 (RLIN) | 16516 |
| 650 04 - ASIENTO SECUNDARIO DE MATERIA - TERMINO TEMATICO [R] | |
| Término temático o nombre geográfico como elemento de entrada [NR] | Lingüística |
| 942 ## - ELEMENTOS DE ENTRADA AGREGADOS (KOHA) | |
| Tipo de ítem principal el descrito en 300a | Libro |
| Tema principal | Lingüística |
| Edición | 1 |
| Parte restante de la signatura top. | G289 |
| Sistema de clasificación | DEWEY |
| Clasificación | 415 |
| Fecha de último préstamo | Total préstamos | Signatura topográfica | Código de barras | Última vez visto | Volúmen / Fascículo | Ejemplar | Price effective from | Tipo de ítem | Perdido | Sistema de clasificación | Dañado | No prestable | Tipo de ítem específico | Suprimido | Ubicación habitual | Ubicación actual | Localización | Fecha de creación | Forma de adquisición | Costo |
|---|---|---|---|---|---|---|---|---|---|---|---|---|---|---|---|---|---|---|---|---|
| 25/01/2008 | 415 G289 | 100088257 | 05/12/2025 | V.1 | Ej.1 | 03/02/2013 | Libro | DEWEY | Libro | Claustro | Claustro | 2do piso | 28/02/2013 | Compra | 39900.00 | |||||
| 20/09/2013 | 1 | 415 G289 | 100088258 | 05/12/2025 | V.2 | Ej.1 | 03/02/2013 | Libro | DEWEY | Libro | Claustro | Claustro | 2do piso | 28/02/2013 | Compra | 39900.00 |